[Event "Mechanics' Spring TNM; 30/90, SD/30"]
[Site "San Francisco"]
[Date "2013.03.19"]
[Round "1.28"]
[White "Sarafian, Greg"]
[Black "Rubandhas, Samprabhu"]
[Result "1-0"]
[WhiteElo "1815"]
[BlackElo "1333"]
[PlyCount "101"]
[EventDate "2013.??.??"]

1. d4 d5 2. c4 e6 3. Nc3 c6 4. e3 Nf6 5. Nf3 Bb4 6. Qc2 O-O 7. Bd3 h6 8. Bd2
dxc4 9. Bxc4 Nbd7 10. O-O Nb6 11. Be2 Bd6 12. e4 Be7 13. Rfd1 Qc7 14. Rac1 Nbd7
15. e5 Nd5 16. Nxd5 exd5 17. Be3 f5 18. Bd3 Nb6 19. a3 Be6 20. b4 a6 21. Ra1
Nc4 22. Bc1 Qd7 23. Nd2 b5 24. Nb3 Qe8 25. f4 Qh5 26. Be2 Qg6 27. Qd3 h5 28.
Qf3 Qg4 29. Qf2 Qg6 30. Be3 h4 31. Rdc1 h3 32. g3 Kf7 33. Bf3 Rh8 34. Qe2 Rac8
35. Bf2 Rh4 36. Kh1 Rhh8 37. Nc5 Bxc5 38. dxc5 Qh6 39. Be3 Rhg8 40. a4 Ra8 41.
Rc2 Ra7 42. axb5 cxb5 43. Rca2 Rga8 44. c6 Qh8 45. Bxa7 Rxa7 46. Rxa6 Re7 47.
Ra8 Bc8 48. Bxd5+ Kg6 49. Bxc4 bxc4 50. Qxc4 Be6 51. Qxe6+ 1-0

[Event "Mechanics' Spring TNM; 30/90, SD/30"]
[Site "San Francisco"]
[Date "2013.04.09"]
[Round "4.6"]
[White "Sarafian, Greg"]
[Black "Tsodikova, Natalya"]
[Result "0-1"]
[WhiteElo "1815"]
[BlackElo "2262"]
[PlyCount "58"]
[EventDate "2013.??.??"]

1. d4 Nf6 2. c4 g6 3. g3 Bg7 4. Bg2 d6 5. Nc3 O-O 6. Nf3 Nc6 7. O-O a6 8. Re1
Rb8 9. a4 Na5 10. b3 c5 11. Bb2 Qb6 12. Ra3 Bg4 13. d5 Ne4 14. Nxe4 Bxb2 15.
Ra2 Bg7 16. Ned2 Qb4 17. h3 Bd7 18. e4 b5 19. axb5 axb5 20. Bf1 bxc4 21. bxc4
Nb3 22. Re3 Nxd2 23. Nxd2 Ra8 24. Qc2 Ba4 25. Qc1 Rfb8 26. Kg2 Bd4 27. Re2 Bb3
28. Nxb3 Qxb3 29. Rxa8 Rxa8 $17 {Black won on time.} 0-1

[Event "Mechanics' Fall TNM; 30/90, SD/30"]
[Site "San Francisco"]
[Date "2013.11.19"]
[Round "5.2"]
[White "Sarafian, Greg"]
[Black "Watson, Farid Mark"]
[Result "0-1"]
[WhiteElo "1827"]
[BlackElo "2078"]
[PlyCount "51"]
[EventDate "2013.??.??"]

1. d4 g6 2. e4 Bg7 3. Nc3 d6 4. f4 c6 5. Nf3 Nf6 6. Bd3 a6 7. O-O b5 8. Kh1 Bb7
9. e5 dxe5 10. fxe5 Nd5 11. e6 f6 12. Ne4 Bc8 13. Nc5 a5 14. Nh4 Qc7 15. Qg4 f5
16. Bxf5 Bf6 17. Bd3 Na6 18. Bf4 Nxf4 19. Nxa6 Bxa6 20. Rxf4 g5 21. Qh5+ Kd8
22. Rxf6 exf6 23. Nf5 Kc8 24. e7 Kb7 25. Re1 Rae8 26. Re6 $138 {lost on time}
0-1

[Event "Mechanics' Fall TNM; 30/90, SD/30"]
[Site "San Francisco"]
[Date "2013.11.12"]
[Round "4.5"]
[White "Sarafian, Greg"]
[Black "Winslow, Elliott"]
[Result "1-0"]
[WhiteElo "1827"]
[BlackElo "2280"]
[Annotator "Winslow,Elliott C"]
[PlyCount "67"]
[EventDate "2013.??.??"]

1. d4 Nf6 2. c4 e6 3. a3 c5 4. e3 d5 5. Nc3 Nc6 6. Nf3 cxd4 7. exd4 Be7 8. Bd3
dxc4 9. Bxc4 O-O 10. O-O b6 11. Bf4 (11. Bg5 Bb7 12. Qd3 Nd5 13. Bxd5 Bxg5 14.
Be4 g6 15. Rad1 Bf6 16. d5 exd5 17. Bxd5 Kg7 {
0-1 (65) Emms,J (2527)-De Firmian,N (2567) Esbjerg 2000}) 11... Na5 (11... Bb7
{far more common}) 12. Ba2 Ba6 13. Re1 Rc8 (13... Bc4 14. Bxc4 Nxc4 15. Qe2 Rc8
16. Rac1 Nd5 17. Nxd5 Qxd5 18. Ne5 Nd6 19. Nf3 Nc4 20. Ne5 b5 21. Nxc4 Rxc4 22.
Rxc4 bxc4 23. Be5 Rc8 24. Qg4 f6 25. Bf4 Kf7 {
0-1 (63) Bellin,J (2203)-Emms,J (2537) Birmingham 2002}) 14. Rc1 Bc4 15. Bb1
Nb3 16. Rc2 Nd5 $6 (16... a6) 17. Nxd5 $16 Bxd5 18. Qd3 $6 (18. Rxc8 Qxc8 19.
Ba2 Bxf3 20. gxf3 Na5 21. d5 $18) 18... g6 19. Bh6 Re8 20. Ne5 f5 $2 (20... Bf8
21. Rxc8 Qxc8 22. Qe3 Bxh6 23. Qxh6) 21. Qg3 (21. Rxc8 Qxc8 22. Bc2 Na5 23. Ba4
) 21... Bd6 22. Bg5 $6 (22. Rxc8 Qxc8 23. Bf4) 22... Bxe5 23. dxe5 (23. Rxc8
Qxc8 24. Qxe5) 23... Qd7 24. Rd1 Nc5 $6 25. Rcd2 Qa4 26. Rd4 Qb5 $6 (26... Qb3)
27. b4 (27. Bxf5 $5 exf5 28. Rxd5 Qxb2) 27... Ne4 28. Bxe4 Bxe4 $2 (28... fxe4
$1) 29. h4 $2 (29. Rd7 Bd5 30. Rxa7 Ra8 31. Rxa8 Rxa8 32. Rc1) 29... Bd5 $2 (
29... Bc2 $5) 30. h5 Qe2 31. hxg6 hxg6 32. Bf6 Kf7 (32... Qh5 33. f3 g5 34.
Bxg5) 33. Qh3 Qh5 34. Rh4 1-0

[Event "Mechanics' Neil Falconer TNM; 30/90, SD"]
[Site "San Francisco"]
[Date "2013.08.20"]
[Round "3.19"]
[White "Sarafian, Greg"]
[Black "Yamamoto, Craig"]
[Result "1-0"]
[WhiteElo "1852"]
[BlackElo "1500"]
[PlyCount "119"]
[EventDate "2013.??.??"]

1. d4 Nf6 2. c4 e6 3. Nc3 d5 4. Bg5 Be7 5. e3 c6 6. Nf3 Nbd7 7. Qc2 O-O 8. Bd3
h6 9. Bh4 dxc4 10. Bxc4 b5 11. Bd3 Bb7 12. O-O a6 13. Rad1 Re8 14. a3 Rc8 15.
b4 a5 16. Qb2 axb4 17. axb4 Nh5 18. Bxe7 Qxe7 19. Ne4 Nhf6 20. Nc5 Nxc5 21.
dxc5 e5 22. Bf5 Rc7 23. Rd6 Bc8 24. Bxc8 Rcxc8 25. Rfd1 Nd5 26. e4 Nf6 27. Qc2
Rc7 28. Ne1 Nd7 29. f3 f6 30. Qa2+ Kh7 31. Nc2 Nb8 32. Ne3 g6 33. Ng4 Rf8 34.
Re6 Qg7 35. Rdd6 Ra7 36. Qb2 Raf7 37. h3 h5 38. Ne3 Re7 39. Rxe7 Qxe7 40. g4
hxg4 41. Nxg4 g5 42. Qd2 Kg6 43. h4 Qh7 44. hxg5 (44. Qxg5+) 44... Qh3 45.
Nxe5+ Kh5 46. Qf4 Rg8 47. Qg4+ Qxg4+ 48. Nxg4 Kxg5 49. Rxf6 Rc8 50. Kf2 Na6 51.
Kg3 Rh8 52. Rxc6 Nxb4 53. Rb6 Nd3 54. c6 Rc8 55. c7 b4 56. f4+ Nxf4 57. Rb5+
Kg6 58. Kxf4 Rxc7 59. Rxb4 Rf7+ 60. Ke3 1-0

[Event "Mechanics' Fall TNM; 30/90, SD/30"]
[Site "San Francisco"]
[Date "2013.12.03"]
[Round "7.23"]
[White "Schlosberg, Max"]
[Black "Bayaraa, Chinguun"]
[Result "0-1"]
[WhiteElo "1287"]
[BlackElo "1625"]
[PlyCount "64"]
[EventDate "2013.??.??"]

1. e4 c5 2. Nf3 d6 3. d4 cxd4 4. Nxd4 Nf6 5. Nc3 a6 6. h3 e6 7. Be3 e5 8. Nf3
h6 9. Qd2 Be6 10. Bd3 Be7 11. O-O-O Nbd7 12. Qe2 Qc7 13. Nd2 Rc8 14. Kb1 b5 15.
Rc1 Nb6 16. f3 Nc4 17. Bf2 Nxb2 18. Bxb5+ axb5 19. Qxb5+ Bd7 20. Qxb2 Qxc3 21.
Qxc3 Rxc3 22. Kb2 Rc8 23. Rhd1 O-O 24. Nb3 Bc6 25. Bh4 g5 26. Bg3 Rb8 27. Ka1
Nh5 28. Bf2 Nf4 29. g3 Ne2 30. Rb1 Nc3 31. Ba7 Ra8 32. Bf2 Rxa2# 0-1

[Event "Mechanics' Fall TNM; 30/90, SD/30"]
[Site "San Francisco"]
[Date "2013.11.19"]
[Round "5.34"]
[White "Schlosberg, Max"]
[Black "Casares Jr, Nick"]
[Result "1/2-1/2"]
[WhiteElo "1287"]
[BlackElo "1600"]
[Annotator "Winslow,Elliott C"]
[PlyCount "74"]
[EventDate "2013.??.??"]

1. e4 e5 2. Nf3 Nc6 3. Bc4 Nf6 4. Ng5 d5 5. exd5 Na5 6. Bb5+ c6 7. dxc6 bxc6 8.
Qf3 Bb7 (8... Rb8) (8... Be7 $5) 9. Bd3 (9. Be2 $5) 9... h6 ({Relevant:} 9...
Bd6 10. Ne4 Nxe4 11. Bxe4 g6 12. g4 O-O 13. d3 Qh4 14. Qg3 Qxg3 15. hxg3 f5 16.
gxf5 gxf5 17. Bg2 Rae8 18. Bd2 Bc7 19. O-O c5 20. Bxa5 Bxg2 21. Bxc7 Bxf1 22.
Kxf1 f4 23. gxf4 exf4 24. Nd2 Rf7 25. Bd6 Rf6 26. Bxc5 Rh6 27. Kg2 Re2 28. Rd1
Rhe6 29. Bxa7 h5 30. Kf3 h4 31. Kxf4 Rg6 32. Be3 h3 33. Kf3 h2 34. Rh1 Re1 35.
Rxh2 {1-0 (35) Kahn,E (2252)-Rozgonyi,A (2163) Hungary 2012}) 10. Ne4 Be7 $2 (
10... Nd5 $1) 11. Nbc3 O-O 12. Nxf6+ (12. Qf5 g6 13. Qh3 Nxe4 14. Bxe4 Kg7 (
14... Bg5 15. d3 c5 16. Bxg5 Qxg5 17. Bxb7 Nxb7 18. Ne4 Qe7 19. Qxh6) 15. d4
Bg5 16. dxe5 Bxc1 17. Rxc1 Qg5 18. O-O Qxe5 19. Rfe1 Bc8 20. Qd3) 12... Bxf6
13. b4 $146 ({Predecessor:} 13. O-O Be7 14. Re1 Bd6 15. Ne4 c5 16. Qe2 Re8 17.
Nxd6 Qxd6 18. Be4 Ba6 19. Qf3 Rad8 20. d3 Re7 21. Bd2 Nb7 22. Bc3 Rb8 23. Qg3
Qf6 24. f4 Qxf4 25. Bxe5 Qxe5 26. Bh7+ Kxh7 27. Rxe5 {
1-0 (27) Kiener,G (1957) -Dachner,M (1274) Greifswald 2002}) 13... e4 $5 (13...
c5 14. Ne4 cxb4) 14. Bxe4 Bxc3 (14... Nc4) 15. dxc3 (15. Qxc3 $1 Re8 16. d3 f5
17. bxa5 fxe4 18. O-O) 15... c5 $2 (15... f5 16. Bd3 c5 17. Qg3) 16. Bxb7 Qe7+
17. Qe2 (17. Be4 $1 Rfe8 18. bxa5 Qxe4+ 19. Qxe4 Rxe4+ 20. Be3) 17... Qxe2+ 18.
Kxe2 Rfe8+ $2 (18... Nxb7) 19. Be4 $1 Nc4 20. Kf3 $18 {by a lot} Rad8 21. Bd3 (
21. bxc5) 21... Ne5+ 22. Kf4 c4 23. Be4 Rd6 24. Be3 f5 25. Bc5 g5+ 26. Kxf5 (
26. Kg3 $1) 26... Rg6 $2 (26... Rd7) 27. f4 (27. Bd4) 27... gxf4 28. Bd5+ Kg7
29. g3 $6 Rf6+ 30. Ke4 Nc6+ 31. Kf3 fxg3+ 32. Kxg3 Re5 33. Bxc6 Rg5+ 34. Kh3
Rh5+ 35. Kg2 (35. Kg4 $1 Rg5+ 36. Kh4 $18) 35... Rg5+ 36. Kh3 Rh5+ 37. Kg2 Rg5+
1/2-1/2

[Event "Mechanics' Fall TNM; 30/90, SD/30"]
[Site "San Francisco"]
[Date "2013.12.10"]
[Round "8.24"]
[White "Schlosberg, Max"]
[Black "Morgan, Jerry"]
[Result "0-1"]
[WhiteElo "1287"]
[BlackElo "1625"]
[PlyCount "68"]
[EventDate "2013.??.??"]

1. e4 c6 2. d4 d5 3. Nc3 dxe4 4. Nxe4 Bf5 5. Ng3 Bg6 6. h4 h6 7. Nf3 Nd7 8. h5
Bh7 9. Bd3 Bxd3 10. Qxd3 e6 11. Bd2 Ngf6 12. O-O-O Be7 13. Bf4 O-O 14. Ne5 Nd5
15. Be3 Nb4 16. Qb3 Nxe5 17. dxe5 Qc7 18. Kb1 Rfd8 19. Bd2 c5 20. Rhe1 c4 21.
Qc3 Nd5 22. Qf3 b5 23. Qg4 Kh7 24. Qe4+ Kh8 25. c3 a5 26. Qc2 b4 27. Qc1 Bf8
28. f4 a4 29. a3 bxa3 30. bxa3 Rab8+ 31. Ka2 Rb3 32. Ne2 Rxa3+ 33. Kb2 Qb6+ 34.
Kc2 Qb3# 0-1

[Event "Mechanics' Summer TNM; 30/90, SD/30"]
[Site "San Francisco"]
[Date "2013.06.25"]
[Round "5.30"]
[White "Schlosberg, Max"]
[Black "Starr, Albert"]
[Result "1-0"]
[WhiteElo "1199"]
[BlackElo "1627"]
[PlyCount "63"]
[EventDate "2013.??.??"]

1. e4 e5 2. Nf3 Nf6 3. Nxe5 d6 4. Nf3 Nxe4 5. d4 d5 6. Bd3 Nc6 7. O-O Be7 8.
Re1 Nf6 9. Be3 O-O 10. Nbd2 Bg4 11. h3 Bh5 12. c3 h6 13. Qb3 Na5 14. Qa4 c6 15.
b4 b5 16. Qxa5 Qd7 17. Qa3 a5 18. Qb2 axb4 19. cxb4 Ra4 20. a3 Rfa8 21. Bc2
R4a6 22. Ne5 Qa7 23. Reb1 Bd6 24. Ra2 Ne8 25. Rba1 f6 26. Nef3 g5 27. g4 Bf7
28. h4 Be6 29. hxg5 fxg5 30. Ne5 Bxe5 31. dxe5 Bxg4 32. Bxa7 1-0

[Event "Mechanics' Summer TNM; 30/90, SD/30"]
[Site "San Francisco"]
[Date "2013.05.28"]
[Round "1.13"]
[White "Sepulveda, Ben"]
[Black "Klinetobe, David"]
[Result "0-1"]
[WhiteElo "1640"]
[BlackElo "2034"]
[PlyCount "68"]
[EventDate "2013.??.??"]

1. d4 Nf6 2. c4 e6 3. g3 d5 4. Bg2 Bb4+ 5. Bd2 Be7 6. Nc3 c6 7. Nf3 O-O 8. O-O
Nbd7 9. cxd5 cxd5 10. Rc1 a6 11. a3 b5 12. Re1 Bb7 13. b4 Nb6 14. Ne5 Nfd7 15.
e4 Nxe5 16. dxe5 d4 17. Nb1 Nc4 18. f4 Qb6 19. Qf3 Rac8 20. Kh1 Rc7 21. Qf1
Rfc8 22. f5 Nxe5 23. Rxc7 Rxc7 24. Bf4 f6 25. fxe6 Qxe6 26. Nd2 Rc3 27. Bh3 Qc6
28. Bxe5 fxe5 29. Nf3 Qf6 30. Bg2 Rxa3 31. Rc1 Bxb4 32. Rc7 Bxe4 33. Rc8+ Bf8
34. Qc1 Rxf3 0-1

[Event "Mechanics' Summer TNM; 30/90, SD/30"]
[Site "San Francisco"]
[Date "2013.07.09"]
[Round "7.21"]
[White "Sepulveda, Ben"]
[Black "Kottcamp, Jeffrey"]
[Result "0-1"]
[WhiteElo "1640"]
[BlackElo "1782"]
[PlyCount "94"]
[EventDate "2013.??.??"]

1. d4 f5 2. c4 Nf6 3. Nc3 g6 4. g3 Bg7 5. Bg2 d6 6. Nf3 O-O 7. O-O c6 8. Re1
Qe8 9. Bg5 e5 10. dxe5 dxe5 11. e4 Nxe4 12. Nxe4 fxe4 13. Rxe4 Bf5 14. Re1 e4
15. Qb3 Qf7 16. Nd2 h6 17. Be3 Re8 18. Rad1 Na6 19. f3 exf3 20. Nxf3 b5 21. Qa3
Nc7 22. cxb5 Nxb5 23. Qb4 Qxa2 24. Nd4 Nxd4 25. Bxd4 Rxe1+ 26. Rxe1 Qf7 27.
Bxc6 Rd8 28. Bxg7 Qxg7 29. Re8+ Rxe8 30. Bxe8 Qe5 31. Bc6 a5 32. Qc3 Qxc3 33.
bxc3 Bc2 34. Bd5+ Kg7 35. Kf2 a4 36. Ba2 Bb3 37. Bb1 a3 38. Ke3 a2 39. Bxa2
Bxa2 40. Kd4 Be6 41. c4 Kf6 42. c5 Ke7 43. h4 h5 44. Ke5 Bf5 45. Kd5 Kd7 46.
c6+ Kc7 47. Kc5 Be4 0-1

[Event "Mechanics' Summer TNM; 30/90, SD/30"]
[Site "San Francisco"]
[Date "2013.06.25"]
[Round "5.21"]
[White "Sepulveda, Ben"]
[Black "Zhao, Audrey"]
[Result "1/2-1/2"]
[WhiteElo "1640"]
[BlackElo "1801"]
[PlyCount "70"]
[EventDate "2013.??.??"]

1. d4 d5 2. c4 c6 3. g3 Nf6 4. Nf3 g6 5. Bg2 Bg7 6. O-O O-O 7. Nc3 Bf5 8. Nh4
Be6 9. cxd5 cxd5 10. Bd2 Nc6 11. Nf3 Ne4 12. Be3 Nxc3 13. bxc3 f6 14. Re1 Bf7
15. a4 e5 16. dxe5 fxe5 17. Ng5 d4 18. Nxf7 Rxf7 19. cxd4 exd4 20. Bd2 Qd7 21.
Ra3 Kh8 22. Rb3 b6 23. Qb1 Raf8 24. Rf1 Nd8 25. e3 dxe3 26. Bxe3 Qxa4 27. Rc1
Qd7 28. Rd1 Qe8 29. Rbd3 Nc6 30. Bd5 Rf6 31. Re1 Qc8 32. Rc1 Qe8 33. Re1 Qb8
34. Bf4 Qc8 35. Rc1 Qe8 1/2-1/2

[Event "Mechanics' Fall TNM; 30/90, SD/30"]
[Site "San Francisco"]
[Date "2013.10.29"]
[Round "2.2"]
[White "Shakhnazarov, Oleg"]
[Black "Askin, Michael"]
[Result "1-0"]
[WhiteElo "2187"]
[BlackElo "1887"]
[PlyCount "57"]
[EventDate "2013.??.??"]

1. e4 c6 2. d4 d5 3. e5 Bf5 4. h4 h5 5. Ne2 e6 6. Ng3 Bg6 7. Be2 c5 $1 8. Bxh5
$2 (8. c3) 8... Bxh5 9. Nxh5 cxd4 10. Qg4 g6 11. Ng3 Nc6 12. h5 Nge7 13. Bg5
Nxe5 14. Qe2 Bg7 $4 (14... Nd7 $19) 15. h6 d3 $2 (15... f6) 16. cxd3 Nxd3+ 17.
Qxd3 Qb6 (17... Bxb2 18. Qb5+) 18. Qa3 (18. hxg7 Rxh1+ 19. Nxh1 Qxb2 20. Qc3
Qxc3+ 21. Nxc3 $18) 18... Bf8 19. Nd2 Nc6 20. Qc3 Rh7 21. O-O Bd6 22. Rfe1 Rc8
23. Rac1 Kd7 24. a3 Rhh8 25. b4 Bxg3 26. Be3 $2 (26. Qxg3 $18) 26... d4 27. Nc4
$2 (27. Qd3) 27... Qb5 $2 28. Bxd4 Rhg8 29. Bf6 1-0

[Event "Mechanics' Fall TNM; 30/90, SD/30"]
[Site "San Francisco"]
[Date "2013.11.12"]
[Round "4.1"]
[White "Shakhnazarov, Oleg"]
[Black "Doyle, Bryon"]
[Result "1-0"]
[WhiteElo "2187"]
[BlackElo "2076"]
[PlyCount "64"]
[EventDate "2013.??.??"]

1. e4 e5 2. Nf3 Nc6 3. Bb5 a6 4. Ba4 Nf6 5. O-O Be7 6. d3 b5 7. Bb3 O-O 8. Bd5
Nxd5 9. exd5 Nb4 10. c4 bxc4 11. dxc4 e4 12. Ne1 a5 13. Nc3 Bd6 14. Be3 f5 15.
f4 Qe7 16. a3 Na6 17. Nc2 Rb8 18. Rb1 Bc5 19. Nd4 Bxd4 20. Bxd4 Nc5 21. Nb5 Ba6
22. a4 c6 23. d6 Qf7 24. Bxc5 cxb5 25. cxb5 Bb7 26. Be3 Bd5 27. b3 Qe6 28. Qd2
Bxb3 29. Qxa5 Ra8 30. Qb4 Bxa4 31. Rfc1 Rfb8 32. b6 Bc6 {moves undecipherable}
1-0

[Event "Mechanics' Summer TNM; 30/90, SD/30"]
[Site "San Francisco"]
[Date "2013.07.16"]
[Round "8.7"]
[White "Shakhnazarov, Oleg"]
[Black "Handigol, Abhishek"]
[Result "1/2-1/2"]
[WhiteElo "2198"]
[BlackElo "2002"]
[PlyCount "43"]
[EventDate "2013.??.??"]

1. e4 e5 2. Nf3 d5 3. exd5 Bd6 4. Nc3 Nf6 5. Be2 e4 6. Nd4 Qe7 7. d3 h6 8. Ndb5
exd3 9. Qxd3 O-O 10. Nxd6 Qxd6 11. O-O Nbd7 12. Nb5 Qe5 13. f4 Qxd5 14. Qxd5
Nxd5 15. c4 a6 16. Nd4 N5f6 17. b3 Re8 18. Bf3 Nc5 19. Ba3 Nce4 20. h3 Nd2 21.
Rfe1 Nxf3+ 22. Nxf3 {Remainder of scoresheets unreadable.} 1/2-1/2

[Event "Mechanics' Fall TNM; 30/90, SD/30"]
[Site "San Francisco"]
[Date "2013.12.10"]
[Round "8.1"]
[White "Shakhnazarov, Oleg"]
[Black "Ivanov, Aleksandr"]
[Result "1-0"]
[WhiteElo "2187"]
[BlackElo "2103"]
[PlyCount "117"]
[EventDate "2013.??.??"]

1. d4 Nf6 2. Nf3 g6 3. Bf4 Bg7 4. Nbd2 O-O 5. h3 c5 6. e3 Nc6 7. c3 cxd4 8.
exd4 d6 9. Be2 Re8 10. O-O e5 11. Bh2 e4 12. Ne1 d5 13. Nc2 a6 14. a4 Be6 15.
b4 Nd7 16. Nb3 Qg5 17. Qc1 Qxc1 18. Rfxc1 Bh6 19. Rd1 Ne7 20. Nc5 Nxc5 21. bxc5
Bd7 22. Rdb1 Ra7 23. c4 Bg7 24. Ra3 Bc6 25. Rd1 a5 26. Ne3 Rd8 27. Bd6 Nf5 28.
Nxf5 gxf5 29. Rg3 Kh8 30. cxd5 Bxd5 31. Bb5 Raa8 32. Rg5 Bb3 33. Rd2 Rxd6 34.
cxd6 Bh6 35. Rg3 Bxd2 36. Rxb3 Kg7 37. d7 Rd8 38. Rb2 Bc3 39. Rc2 Bxd4 40. Rc8
Bb6 41. Kf1 Kf6 42. Ke2 Ke7 43. g3 Bd4 44. f3 e3 45. f4 Bb6 46. g4 fxg4 47.
hxg4 h6 48. Rc4 Kf6 49. Re4 Bc7 50. Kxe3 Bb6+ 51. Kf3 Bc7 52. Re8 Bb6 53. Ke4
Bc7 54. Ke3 Kg6 55. Ke4 h5 56. gxh5+ Kxh5 57. Kf5 Kh6 58. Re3 Bb6 59. Re7 1-0

[Event "Mechanics' Spring TNM; 30/90, SD/30"]
[Site "San Francisco"]
[Date "2013.04.16"]
[Round "5.1"]
[White "Shakhnazarov, Oleg"]
[Black "Kokesh, Tim"]
[Result "1-0"]
[WhiteElo "2184"]
[BlackElo "2110"]
[PlyCount "59"]
[EventDate "2013.??.??"]

1. d4 Nf6 2. Nf3 e6 3. Bf4 c5 4. e3 b6 5. c3 Bb7 6. Nbd2 Be7 7. h3 O-O 8. Be2
Nc6 9. O-O Re8 10. Bh2 d5 11. Bd3 Rc8 12. Qe2 h6 13. Rfe1 Nd7 14. Ne5 Ndxe5 15.
dxe5 d4 16. Rad1 f5 17. exf6 Bxf6 18. exd4 cxd4 19. Qe4 Kf8 20. Qh7 Ne7 21.
Rxe6 Qd5 22. Rxf6+ gxf6 23. Qxh6+ Kg8 24. Be4 Qf7 25. cxd4 Bxe4 26. Nxe4 Nd5
27. Nd6 Qe6 28. Qg6+ Kf8 29. Nxe8 Rxe8 30. Bg3 1-0

[Event "Mechanics' Winter TNM; 30/90, SD/30"]
[Site "San Francisco"]
[Date "2013.01.22"]
[Round "3.7"]
[White "Shakhnazarov, Oleg"]
[Black "Krasnov, Steven"]
[Result "1-0"]
[WhiteElo "2184"]
[BlackElo "1958"]
[PlyCount "95"]
[EventDate "2013.??.??"]

1. e4 c5 2. Nf3 e6 3. d4 cxd4 4. Nxd4 a6 5. Be3 Nf6 6. Nd2 e5 7. N4b3 d5 8.
exd5 Nxd5 9. Nc4 Nxe3 10. Qxd8+ Kxd8 11. fxe3 Nc6 12. Nb6 Rb8 13. O-O-O+ Ke8
14. Bc4 g6 15. Rhf1 f5 16. Kb1 Bh6 17. e4 Rf8 18. Nd5 b5 19. Nc7+ Ke7 20. Bd5
Nb4 21. Nc5 Nxd5 22. Nxd5+ Kf7 23. g4 Kg7 24. gxf5 gxf5 25. exf5 Bxf5 26. Ne7
Bf4 27. Nxa6 Rb6 28. Nc7 Rh6 29. Nxf5+ Rxf5 30. Rd7+ Kg6 31. Nd5 Rf8 32. Rd6+
Kg5 33. Rg1+ Kf5 34. Ne7+ Ke4 35. Rd3 Be3 36. Re1 Rh3 37. Nd5 Rff3 38. a3 h6
39. b3 h5 40. a4 bxa4 41. bxa4 h4 42. a5 Rxh2 43. Nxe3 Kf4 44. a6 Kg5 45. a7
Rf8 46. Rg1+ Kh5 47. Rg7 e4 48. Rdd7 1-0

[Event "Mechanics' Spring TNM; 30/90, SD/30"]
[Site "San Francisco"]
[Date "2013.04.30"]
[Round "7.1"]
[White "Shakhnazarov, Oleg"]
[Black "Lee, Andy"]
[Result "1-0"]
[WhiteElo "2184"]
[BlackElo "2306"]
[Annotator "Donaldson"]
[PlyCount "87"]
[EventDate "2013.??.??"]

1. e4 e5 2. Nf3 Nc6 3. Bb5 a6 4. Ba4 Nf6 5. O-O b5 6. Bb3 Bc5 7. Bd5 Bb7 8. c3
O-O 9. d4 exd4 10. cxd4 Be7 11. Nc3 b4 12. e5 bxc3 13. exf6 c2 14. Qxc2 Bxf6
15. Qd1 Rb8 16. Be3 Ne7 17. Bxb7 Rxb7 18. b3 Rb5 19. Rc1 Rd5 20. Qc2 c6 21.
Rfd1 Nf5 22. Qc4 a5 23. Re1 h6 24. h3 Re8 25. Rcd1 Re6 26. Kf1 Qe7 27. Rd3 Qd6
28. Red1 Re4 29. a4 Nh4 30. Nd2 (30. Nxh4 Bxh4 31. Kg1 Bd8 $17) 30... Re6 (
30... Qh2 $1 31. Nxe4 Qxg2+ 32. Ke2 Qxe4 $17) 31. Kg1 Bd8 32. g3 Rg6 33. Kf1
Qe6 (33... Nf5) 34. gxh4 Qxh3+ 35. Ke2 Rg2 $2 (35... Qg4+ 36. f3 (36. Ke1 Bxh4)
36... Qg2+ 37. Bf2 Bxh4 38. Rf1 $11) 36. Nf1 Bxh4 37. Kd2 Rf5 38. Kc3 Be7 39.
Kc2 Qg4 40. Nd2 h5 (40... Rd5 $142) 41. d5 $1 cxd5 42. Qxg4 Rxg4 43. Nf1 Rf6
44. Rxd5 1-0

[Event "Mechanics' Winter TNM; 30/90, SD/30"]
[Site "San Francisco"]
[Date "2013.02.19"]
[Round "7.2"]
[White "Shakhnazarov, Oleg"]
[Black "Lee, Andy"]
[Result "0-1"]
[WhiteElo "2184"]
[BlackElo "2294"]
[PlyCount "98"]
[EventDate "2013.??.??"]

1. e4 e6 2. d4 d5 3. e5 c5 4. c3 Qb6 5. Nf3 Nc6 6. Be2 f6 7. O-O Bd7 8. Na3
cxd4 9. cxd4 a6 10. Nc2 Be7 11. b3 Nh6 12. exf6 Bxf6 13. Ba3 Nf5 14. Bc5 Qc7
15. Rc1 Kf7 16. Ne3 Qf4 17. g3 Nxe3 18. gxf4 Nxd1 19. Rfxd1 Rhc8 20. Ne5+ Nxe5
21. fxe5 Bg5 22. Rc3 b6 23. Rf3+ Kg8 24. Bxb6 Rc2 25. Bd3 Rxa2 26. Bc5 g6 27.
Kg2 a5 28. Kg3 Bd2 29. Bb1 Ra1 30. h4 Bb4 31. h5 Bb5 32. hxg6 Be2 33. gxh7+ Kh8
34. Rg1 Bxf3 35. Kxf3 Bxc5 36. dxc5 a4 37. b4 a3 38. c6 a2 39. Rg8+ Rxg8 40.
hxg8=Q+ Kxg8 41. c7 axb1=Q 42. c8=Q+ Kg7 43. Qd7+ Kh6 44. Qxe6+ Qg6 45. Qd6
Qxd6 46. exd6 Ra6 47. Ke3 Rxd6 48. Kd4 Kg6 49. Kc5 Rd8 {and White's flag fell.}
0-1

[Event "Mechanics' Spring TNM; 30/90, SD/30"]
[Site "San Francisco"]
[Date "2013.04.02"]
[Round "3.3"]
[White "Shakhnazarov, Oleg"]
[Black "Maser, Tom"]
[Result "1-0"]
[WhiteElo "2184"]
[BlackElo "1979"]
[PlyCount "49"]
[EventDate "2013.??.??"]

1. e4 e5 2. Nf3 Nc6 3. Bc4 Nf6 4. d3 Be7 5. O-O d6 6. h3 Na5 7. Nbd2 O-O 8. c3
c6 9. a4 Nxc4 10. Nxc4 Be6 11. Ne3 Qc7 12. Ng5 d5 13. Nxe6 fxe6 14. Qb3 Nh5 15.
c4 Nf4 16. cxd5 Rad8 17. dxe6 Rf6 18. Nf5 Rxd3 19. Qc2 Rd8 20. Bxf4 exf4 21.
Rad1 g6 22. Nh6+ Kg7 23. Ng4 Rxe6 24. Qc3+ Kf8 25. Qh8+ 1-0

[Event "Mechanics' Spring TNM; 30/90, SD/30"]
[Site "San Francisco"]
[Date "2013.03.19"]
[Round "1.6"]
[White "Shakhnazarov, Oleg"]
[Black "Newey, Richard"]
[Result "1-0"]
[WhiteElo "2184"]
[BlackElo "1702"]
[Annotator "Donaldson"]
[PlyCount "47"]
[EventDate "2013.??.??"]

1. e4 c6 2. d4 d5 3. e5 Bf5 4. h4 g6 $2 (4... h5) 5. g4 Be6 6. Be2 Nh6 7. h5
Qc8 8. hxg6 Nxg4 9. gxf7+ Kd8 10. f3 Nxe5 11. dxe5 Bg7 12. f4 Bxf7 13. Nf3 Na6
14. Nc3 Bg6 15. Nd4 c5 16. Bg4 cxd4 17. Bxc8 dxc3 18. Bxb7 Nb4 19. O-O Be4 20.
Bxa8 h5 21. bxc3 Rg8 22. Kh2 Bh6 23. Rg1 Nxc2 24. Rxg8+ 1-0

[Event "Mechanics' Summer TNM; 30/90, SD/30"]
[Site "San Francisco"]
[Date "2013.06.18"]
[Round "4.6"]
[White "Shakhnazarov, Oleg"]
[Black "Thornally, Frank"]
[Result "0-1"]
[WhiteElo "2198"]
[BlackElo "2218"]
[PlyCount "58"]
[EventDate "2013.??.??"]

1. e4 e5 2. Nf3 Nc6 3. Bb5 a6 4. Ba4 Nf6 5. O-O Be7 6. d3 b5 7. Bb3 O-O 8. Bd5
Bd6 9. Bg5 h6 10. Bh4 Rb8 11. c3 g5 12. Bg3 Nxd5 13. exd5 Ne7 14. Nxe5 Nxd5 15.
Qh5 Bxe5 16. Bxe5 Rb6 17. c4 Nb4 18. Qd1 Re6 19. Bc3 Nc6 20. b3 d5 21. cxb5
axb5 22. d4 $2 (22. Nd2 $15) 22... b4 $19 23. Bb2 Rfe8 24. Qc1 Ba6 25. Rd1 Qf6
26. Nd2 Re2 27. f3 Rxg2+ $1 28. Kxg2 Re2+ 29. Kg1 Qf4 0-1

[Event "Mechanics' Summer TNM; 30/90, SD/30"]
[Site "San Francisco"]
[Date "2013.07.02"]
[Round "6.6"]
[White "Shakhnazarov, Oleg"]
[Black "Traub, Igor"]
[Result "1-0"]
[WhiteElo "2198"]
[BlackElo "2074"]
[Annotator "Donaldson"]
[PlyCount "86"]
[EventDate "2013.??.??"]

1. d4 d5 2. Nf3 Nf6 3. Bf4 e6 4. Nbd2 Be7 5. h3 b6 6. e3 O-O 7. Ne5 c5 8. c3
Bb7 9. Bd3 Nbd7 10. O-O Rc8 11. Qf3 Ne8 12. Rfe1 Nxe5 13. dxe5 f5 14. exf6 Nxf6
15. Rad1 Rf7 16. Qe2 Bd6 17. Nf3 h6 18. Ne5 Bxe5 19. Bxe5 Nd7 20. Bg3 Qg5 21.
h4 Qf6 22. Qh5 e5 23. Bg6 Re7 24. e4 d4 25. Rd3 Rc6 26. Be8 g6 27. Qg4 h5 28.
Qh3 Bc8 29. Bxd7 Bxd7 30. Qh2 c4 31. Rdd1 d3 32. f4 exf4 33. Bxf4 Rf7 34. Be3
Bg4 35. Rf1 Bxd1 36. Rxf6 Rcxf6 37. Qe5 Bg4 38. Qb5 Rd6 39. Bd2 Be6 $4 {
Black was in horrible time pressure at this point.} (39... Rdf6 40. Qxc4 Rf1+
41. Kh2 R1f2 42. Qxd3 Bf3 $11) 40. Qe8+ Kg7 41. e5 Bd7 42. Bh6+ Kxh6 43. Qxf7
Be6 1-0